banner-ar

الكتاب التذكارى فى ذكرى مرور خمسة وعشرين عاما على رحيل طه حسين : (Record no. 7730)

MARC details
000 -الفاتح
حقل البيانات ثابتة الطول 00943nam a2200229Ia 4500
008 - عناصر البيانات ثابتة الطول - معلومات عامة
حقل البيانات ثابتة الطول 140319s9999 xx 000 0 ara d
040 ## - مصدر الفهرسة
وكالة الفهرسة الأصلية GCL /
وكالة النسخ GCL
082 04 - رقم تصنيف ديوى العشرى
رقم التصنيف 928.1
رقم المادة ف ك
100 1# - المدخل الرئيسى - إسم شخصى
الإسم الشخصى السيد السيد الحسينى
245 10 - بيان العنوان
العنوان الكتاب التذكارى فى ذكرى مرور خمسة وعشرين عاما على رحيل طه حسين :
بقية العنوان فى اطار الاحتفال بمرور 90عاما على انشاء جامعة القاهرة /
بيان المسئوليه,etc السيد السيد الحسينى
700 1# - المدخل الاضافى - اسم شخصى
الإسم الشخصى فاروق اسماعيل احمد
250 ## - بيان الطبعة
بيان الطبعة الاولى
260 ## - PUBLICATION, DISTRIBUTION, ETC. (IMPRINT)
تاريخ النشر أو التوزيع 1998
300 ## - الوصف المادى
التعداد متعدد ؛
أبعاد الوعاء 24سم
650 04 - المدخل الاضافى بالموضوع-مصطلح موضوعى
مصطلح موضوعي تراجم ادبية
650 04 - المدخل الاضافى بالموضوع-مصطلح موضوعى
مصطلح موضوعي الادباء المصريون
650 04 - المدخل الاضافى بالموضوع-مصطلح موضوعى
مصطلح موضوعي طه حسين
650 04 - المدخل الاضافى بالموضوع-مصطلح موضوعى
مصطلح موضوعي طه حسين - تاريخ ونقد
650 04 - المدخل الاضافى بالموضوع-مصطلح موضوعى
مصطلح موضوعي طه حسين - ببليوجرافيات
942 ## - عناصر المدخل الإضافي( كوها)
مصدر التصنيف او مخطط الترفيف Dewey Decimal Classification
Koha [default] item type كتاب
260 ## - PUBLICATION, DISTRIBUTION, ETC. (IMPRINT)
-- القاهرة :
-- جامعة القاهرة ،
Holdings
حالة التراجع حالة الفقد حالة تلف ليس للاعارة المكان المؤقت الموقع الحالى تاريخ الاكتساب اجمالي اﻻعارات رقم الطلب الباركود تاريخ اخر مشاهدة تاريخ تفعيل السعر نوع وعاء كوها
        مكتبة القاهرة الكبرى مكتبة القاهرة الكبرى 03/26/2014   928.1\ف ك 15889 03/26/2014 03/26/2014 كتاب
        مكتبة القاهرة الكبرى مكتبة القاهرة الكبرى 03/26/2014   928.1\ف ك 15890 03/26/2014 03/26/2014 كتاب
        مكتبة القاهرة الكبرى مكتبة القاهرة الكبرى 03/26/2014   928.1\ف ك 15891 03/26/2014 03/26/2014 كتاب
        مكتبة القاهرة الكبرى مكتبة القاهرة الكبرى 03/26/2014   928.1\ف ك 15892 03/26/2014 03/26/2014 كتاب

Powered By

EGPV